| 000 | 00806pam a2200253 a 4500 | ||
|---|---|---|---|
| 001 | 58815 | ||
| 003 | BD-RjUL | ||
| 005 | 20211209080647.0 | ||
| 008 | 821122s1983 nyua 001 0 eng | ||
| 020 | _a0442260059 | ||
| 035 | _a(BD-RjUL)58939 | ||
| 040 |
_aDLC _cDLC _dDLC _beng |
||
| 041 | _aeng | ||
| 082 | 0 | 0 |
_a657.869 _223 _bLAP 1983 |
| 100 | 1 |
_aLang, Hans J. _9174858 |
|
| 245 | 1 | 0 |
_aProfitability accounting and bidding strategy for engineering and construction management / _cHans J. Lang, Michael DeCoursey. |
| 260 |
_aNew York : _bVan Nostrand Reinhold, _cc1983. |
||
| 300 |
_axiv, 195 p. : _bill. ; _c24 cm. |
||
| 500 | _aIncludes index. | ||
| 650 | 0 |
_aConstruction industry _xAccounting. _9174859 |
|
| 700 | 1 |
_aDeCoursey, Michael. _9174860 |
|
| 942 |
_2ddc _cBK |
||
| 999 |
_c58815 _d58815 |
||